| 000 | 00000nam 2200000za 4500 |
| 001 | 9.643610 |
| 003 | CaOODSP |
| 005 | 20230310075145 |
| 007 | cr ||||||||||| |
| 008 | 150407|1969||||xxc|||||o f|0| 0 fre d |
| 040 | |aCaOODSP|bfre |
| 043 | |an-cn--- |
| 086 | 1 |aA53-1369/1969F-PDF |
| 110 | 1 |aCanada.|bAgriculture Canada. |bDirection générale de recherche. |
| 245 | 10|aCulture de la rhubarbe / |h[ressource électronique]|c[par] Lloyd H. Lyall. |
| 260 | |aOttawa - Ontario : |bAgriculture Canada. |c1969. |
| 300 | |a4p. |
| 500 | |aPublication historique numérisée par Agriculture et Agroalimentaire Canada. |
| 590 | |a15-01-Supp|b2015-01-26 |
| 691 | 07|aCultures maraîchères|2gcpds |
| 691 | 07|aJardin|2gcpds |
| 691 | 07|aJardinage|2gcpds |
| 775 | 08|tRhubarb planting & growing / |w(CaOODSP)9.699633 |
| 794 | |tLa culture de la rhubarbe / |w(CaOODSP)9.643453 |
| 856 | 40|ahttp://publications.gc.ca|qPDF|s245 Ko|uhttps://publications.gc.ca/collections/collection_2014/aac-aafc/agrhist/A53-1369-1969-fra.pdf |
| 986 | |a1369 |